[Event "13. Open Popular Bahia de los Naranjos"]
[Site "Cullera ESP"]
[Date "2010.07.26"]
[Round "1.1"]
[White "Muñoz Orts, German"]
[Black "Escoms Monzo, Jaime"]
[Result "1-0"]
[WhiteElo "2199"]
[BlackElo "1848"]
[PlyCount "67"]
[EventDate "2010.07.26"]
[EventType "swiss"]
[EventRounds "8"]
[EventCountry "ESP"]
[Source "lmi"]
[SourceDate "2010.07.26"]

1. e4 c5 2. d4 cxd4 3. c3 dxc3 4. Nxc3 d6 5. Nf3 Nc6 6. Bc4 e6 7. O-O Be7 8.
Qe2 Nf6 9. Rd1 Qc7 10. Nb5 Qb8 11. Bf4 Ne5 12. Rac1 O-O 13. Bb3 a6 14. Nc7
Nxf3+ 15. gxf3 Ra7 16. e5 Nh5 17. Be3 b6 18. exd6 Bxd6 19. Rxd6 Rxc7 20. Rcd1
Bb7 21. Bxb6 Rc6 22. Rxc6 Bxc6 23. Qe3 Qb7 24. Bc5 Rc8 25. Rd3 Nf6 26. h4 Bxf3
27. Bd4 Be4 28. Rd1 Bh1 29. Qg3 Ne8 30. Bc3 Be4 31. Qe5 Bf5 32. Ba4 Nf6 33. Qg3
Nh5 34. Qg5 1-0

[Event "13. Open Popular Bahia de los Naranjos"]
[Site "Cullera ESP"]
[Date "2010.07.26"]
[Round "1.2"]
[White "Vidal Moscardo, Blas"]
[Black "Martinez Tormo, Jorge"]
[Result "0-1"]
[WhiteElo "1825"]
[BlackElo "2175"]
[PlyCount "46"]
[EventDate "2010.07.26"]
[EventType "swiss"]
[EventRounds "8"]
[EventCountry "ESP"]
[Source "lmi"]
[SourceDate "2010.07.26"]

1. d4 d5 2. Nf3 Nf6 3. c4 c6 4. Nc3 g6 5. e3 Bg7 6. Ne5 O-O 7. Bd3 Nbd7 8. f4
e6 9. O-O dxc4 10. Bxc4 c5 11. Qf3 cxd4 12. exd4 Nxe5 13. fxe5 Qxd4+ 14. Kh1
Ng4 15. Bb3 Nxe5 16. Qh3 Qg4 17. Qe3 Qh4 18. h3 Bd7 19. Bd2 Bc6 20. Rf4 Qe7 21.
Raf1 Rad8 22. Bc2 Qd6 23. Rd4 Qxd4 0-1

[Event "13. Open Popular Bahia de los Naranjos"]
[Site "Cullera ESP"]
[Date "2010.07.26"]
[Round "1.4"]
[White "Cebrian Flores, Juan Antonio"]
[Black "Arauz Alonso, Fernando"]
[Result "0-1"]
[WhiteElo "1720"]
[BlackElo "2124"]
[PlyCount "68"]
[EventDate "2010.07.26"]
[EventType "swiss"]
[EventRounds "8"]
[EventCountry "ESP"]
[Source "lmi"]
[SourceDate "2010.07.26"]

1. d4 d5 2. c4 c6 3. Nc3 Nf6 4. Nf3 e6 5. Bg5 dxc4 6. a4 Bb4 7. Qc2 Nbd7 8. e3
Qa5 9. Rc1 b5 10. Be2 Bb7 11. O-O O-O 12. Ra1 Qb6 13. e4 h6 14. Bh4 a6 15. e5
Nh7 16. Na2 c5 17. Nxb4 cxb4 18. Be7 b3 19. Qc3 Rfe8 20. Bd6 Qc6 21. Ne1 Nb6
22. Bf3 Nd5 23. Bxd5 Qxd5 24. f4 Nf8 25. f5 exf5 26. Rxf5 Ne6 27. Nf3 Qe4 28.
Rh5 Qg6 29. Rh4 Ng5 30. Nxg5 Qxg5 31. g3 Rad8 32. Rf4 Rxd6 33. h4 Qh5 34. g4
Qxh4 0-1

[Event "13. Open Popular Bahia de los Naranjos"]
[Site "Cullera ESP"]
[Date "2010.07.26"]
[Round "1.5"]
[White "Tejedor Ariza, Francisco"]
[Black "Sala Espi, Antonio"]
[Result "1-0"]
[WhiteElo "2107"]
[BlackElo "1688"]
[PlyCount "89"]
[EventDate "2010.07.26"]
[EventType "swiss"]
[EventRounds "8"]
[EventCountry "ESP"]
[Source "lmi"]
[SourceDate "2010.07.26"]

1. e4 c5 2. Nf3 d6 3. c3 Nf6 4. Be2 Nc6 5. d3 g6 6. h3 Bg7 7. Be3 O-O 8. O-O a6
9. a4 b6 10. Qd2 Re8 11. Na3 Na5 12. Rad1 Bd7 13. Qc2 b5 14. b4 Nb7 15. a5 Rc8
16. Qd2 Bc6 17. Nh2 Nxa5 18. bxa5 Qxa5 19. Nc2 Bxe4 20. Ra1 Qc7 21. dxe4 Nxe4
22. Qd3 Nxc3 23. Rxa6 b4 24. Bd2 c4 25. Qf3 Nxe2+ 26. Qxe2 b3 27. Ba5 Qb7 28.
Nb4 c3 29. Rb6 Qa8 30. Ra6 Qb7 31. Rb1 c2 32. Nxc2 Rxc2 33. Qd3 Rec8 34. Rxb3
Rc1+ 35. Nf1 Qd7 36. Bd2 R1c7 37. Ne3 Ra7 38. Rab6 Ra1+ 39. Kh2 Be5+ 40. g3 Kg7
41. f4 Rca8 42. fxe5 Rh1+ 43. Kxh1 Qxh3+ 44. Kg1 Qxg3+ 45. Kf1 1-0

[Event "13. Open Popular Bahia de los Naranjos"]
[Site "Cullera ESP"]
[Date "2010.07.27"]
[Round "2.1"]
[White "Garcia Cervera, Manuel Miguel"]
[Black "Muñoz Orts, German"]
[Result "0-1"]
[WhiteElo "1979"]
[BlackElo "2199"]
[PlyCount "56"]
[EventDate "2010.07.26"]
[EventType "swiss"]
[EventRounds "8"]
[EventCountry "ESP"]
[Source "lmi"]
[SourceDate "2010.07.26"]

1. d4 Nf6 2. c4 d6 3. Nc3 Nbd7 4. e4 e5 5. Nf3 Be7 6. g4 exd4 7. Qxd4 c5 8. Qd1
Nxg4 9. Bf4 Nde5 10. h3 Nxf3+ 11. Qxf3 Ne5 12. Qg3 Ng6 13. Be3 Be6 14. O-O-O
Qa5 15. f4 f5 16. exf5 Bxf5 17. Bd3 O-O 18. Kb1 Bxd3+ 19. Rxd3 Qb4 20. Nd5 Qxc4
21. Bd2 Bh4 22. Qf3 Ne5 23. Nf6+ Rxf6 24. Qd5+ Qxd5 25. Rxd5 Nc4 26. Bc3 Rxf4
27. Rg1 Bf6 28. Bxf6 Rxf6 0-1

[Event "13. Open Popular Bahia de los Naranjos"]
[Site "Cullera ESP"]
[Date "2010.07.27"]
[Round "2.2"]
[White "Martinez Tormo, Jorge"]
[Black "Remolar Gallen, Jose"]
[Result "1/2-1/2"]
[WhiteElo "2175"]
[BlackElo "1983"]
[PlyCount "90"]
[EventDate "2010.07.26"]
[EventType "swiss"]
[EventRounds "8"]
[EventCountry "ESP"]
[Source "lmi"]
[SourceDate "2010.07.26"]

1. e4 c6 2. d4 d5 3. e5 g6 4. Nf3 h5 5. Bd3 Nh6 6. O-O Bf5 7. Bxh6 Bxd3 8. Qxd3
Bxh6 9. e6 Qd6 10. exf7+ Kxf7 11. Ne5+ Kg7 12. Nc3 Nd7 13. f4 Rhf8 14. Ne2 Rf5
15. g3 Raf8 16. h3 R5f6 17. Qe3 Qe6 18. Kg2 b6 19. Ng1 h4 20. Rae1 hxg3 21.
Nxd7 Qxd7 22. Qxe7+ R8f7 23. Qxd7 Rxd7 24. Kxg3 Rdf7 25. Ne2 g5 26. Rg1 gxf4+
27. Kf3+ Rg6 28. Rxg6+ Kxg6 29. Rg1+ Kf5 30. Rg4 c5 31. c3 cxd4 32. cxd4 Rc7
33. Nxf4 Bxf4 34. Rxf4+ Kg6 35. Ke3 Rc1 36. Kd3 Kg5 37. Rf7 Rh1 38. Rd7 Rxh3+
39. Kc2 Kf5 40. Rxd5+ Ke4 41. Rd7 a6 42. Rb7 Rh6 43. Rd7 b5 44. d5 Rh2+ 45. Kc3
Rh3+ 1/2-1/2

[Event "13. Open Popular Bahia de los Naranjos"]
[Site "Cullera ESP"]
[Date "2010.07.27"]
[Round "2.5"]
[White "Llamazares Lopez, Marcos"]
[Black "Tejedor Ariza, Francisco"]
[Result "0-1"]
[WhiteElo "1923"]
[BlackElo "2107"]
[PlyCount "78"]
[EventDate "2010.07.26"]
[EventType "swiss"]
[EventRounds "8"]
[EventCountry "ESP"]
[Source "lmi"]
[SourceDate "2010.07.26"]

1. c4 e5 2. Nc3 Nf6 3. g3 d5 4. cxd5 Nxd5 5. Bg2 c6 6. Nf3 Nxc3 7. bxc3 e4 8.
Nd4 f5 9. Qb3 Qb6 10. O-O Bc5 11. Qc4 Bxd4 12. cxd4 Qa6 13. Qb4 Qb6 14. Qc4 Qb5
15. Qxb5 cxb5 16. f3 Nc6 17. fxe4 Nxd4 18. e3 Ne2+ 19. Kh1 Nxc1 20. Raxc1 O-O
21. exf5 Bxf5 22. Bd5+ Kh8 23. e4 Bh3 24. Rxf8+ Rxf8 25. Kg1 b6 26. Re1 g6 27.
e5 Rd8 28. Bb3 Kg7 29. Re2 a5 30. Kf2 Bg4 31. Re4 Bf5 32. Re2 a4 33. Bd1 Bg4
34. Ke3 Bxe2 35. Bxe2 b4 36. Bd1 b5 37. d4 Rc8 38. d5 b3 39. axb3 a3 0-1

[Event "13. Open Popular Bahia de los Naranjos"]
[Site "Cullera ESP"]
[Date "2010.07.27"]
[Round "2.9"]
[White "Nieves Cabanes, Jose Manuel"]
[Black "Gonzalvez Perales, Jose Luis"]
[Result "0-1"]
[WhiteElo "1625"]
[BlackElo "2035"]
[PlyCount "58"]
[EventDate "2010.07.26"]
[EventType "swiss"]
[EventRounds "8"]
[EventCountry "ESP"]
[Source "lmi"]
[SourceDate "2010.07.26"]

1. d4 Nf6 2. c4 c5 3. d5 b5 4. cxb5 a6 5. bxa6 Bxa6 6. Nc3 d6 7. g3 g6 8. Bg2
Bg7 9. Nf3 O-O 10. O-O Nbd7 11. Re1 Qa5 12. e4 Ng4 13. Bd2 Qb4 14. Na4 Qb7 15.
h3 Nge5 16. Nxe5 Nxe5 17. Bc3 c4 18. Bxe5 Bxe5 19. f4 Bxb2 20. Nxb2 Qxb2 21. e5
Rfc8 22. Re2 Qb6+ 23. Kh2 c3 24. Rc2 Qe3 25. Qc1 Qc5 26. a4 Bd3 27. Rca2 c2 28.
Rb2 Qf2 29. Rb3 Be4 0-1

[Event "13. Open Popular Bahia de los Naranjos"]
[Site "Cullera ESP"]
[Date "2010.07.28"]
[Round "3.1"]
[White "Muñoz Orts, German"]
[Black "Bas Mas, Jose Joaquin"]
[Result "1/2-1/2"]
[WhiteElo "2199"]
[BlackElo "2030"]
[PlyCount "90"]
[EventDate "2010.07.26"]
[EventType "swiss"]
[EventRounds "8"]
[EventCountry "ESP"]
[Source "lmi"]
[SourceDate "2010.07.26"]

1. f4 d5 2. Nf3 Nf6 3. g3 g6 4. Bg2 Bg7 5. O-O O-O 6. d3 c5 7. c3 Nc6 8. Qe1 d4
9. e4 dxc3 10. bxc3 Qxd3 11. e5 Nd5 12. Ng5 Nc7 13. Be3 h6 14. Ne4 b6 15. Nxc5
bxc5 16. Bxc6 Rb8 17. Bg2 Rb2 18. Rf2 Rxf2 19. Bxf2 Bf5 20. Bxc5 Rb8 21. Bxa7
Rxb1 22. Rxb1 Qxb1 23. Qxb1 Bxb1 24. a4 Bd3 25. Kf2 f6 26. Bb6 Ne6 27. Bd5 Kf7
28. c4 fxe5 29. fxe5 Bxe5 30. Ke3 Bf1 31. a5 Kf6 32. a6 Bb8 33. a7 Bxa7 34.
Bxa7 Nc7 35. Kd4 Nxd5 36. Kxd5 Bg2+ 37. Kd4 Ke6 38. Bb8 h5 39. Ke3 Bf1 40. Kd4
Bg2 41. Bf4 Bh1 42. Bg5 Bg2 43. Ke3 Kd7 44. Kf4 e6 45. Ke5 Bh3 1/2-1/2

[Event "13. Open Popular Bahia de los Naranjos"]
[Site "Cullera ESP"]
[Date "2010.07.28"]
[Round "3.3"]
[White "Rubio Tent, Francisco"]
[Black "Martinez Tormo, Jorge"]
[Result "0-1"]
[WhiteElo "1954"]
[BlackElo "2175"]
[PlyCount "92"]
[EventDate "2010.07.26"]
[EventType "swiss"]
[EventRounds "8"]
[EventCountry "ESP"]
[Source "lmi"]
[SourceDate "2010.07.26"]

1. e4 c5 2. Nf3 Nc6 3. d4 cxd4 4. Nxd4 e5 5. Nb5 d6 6. c4 Be7 7. Bd3 Nf6 8. Be3
a6 9. N5c3 Be6 10. Nd5 O-O 11. Nbc3 Bxd5 12. cxd5 Nb4 13. O-O Nxd3 14. Qxd3 Ng4
15. Bc1 Bg5 16. Bxg5 Qxg5 17. Qg3 Qf4 18. f3 Ne3 19. Rf2 f5 20. Re1 Rac8 21.
Qxf4 exf4 22. Ne2 g5 23. Nd4 fxe4 24. fxe4 h6 25. Ne6 Rf6 26. h4 Ng4 27. Rff1
Rc2 28. hxg5 hxg5 29. Rc1 Rxb2 30. Rc8+ Kh7 31. Rfc1 Kg6 32. Rg8+ Kh5 33. Rxg5+
Kh4 34. Rg8 Kg3 35. Rc3+ f3 36. Rxg4+ Kxg4 37. gxf3+ Rxf3 38. Rc7 Rg3+ 39. Kf1
Rd3 40. Ke1 Kf3 41. Ng5+ Ke3 42. Rc1 Rxa2 43. Nf7 Kxe4 44. Nxd6+ Kxd5 45. Nxb7
Rh3 46. Rc5+ Kd4 0-1

[Event "13. Open Popular Bahia de los Naranjos"]
[Site "Cullera ESP"]
[Date "2010.07.28"]
[Round "3.4"]
[White "Martinez Escandell, Alfonso"]
[Black "Cabero Feliciano, Guillermo"]
[Result "0-1"]
[WhiteElo "2007"]
[BlackElo "2080"]
[PlyCount "82"]
[EventDate "2010.07.26"]
[EventType "swiss"]
[EventRounds "8"]
[EventCountry "ESP"]
[Source "lmi"]
[SourceDate "2010.07.26"]

1. e4 e5 2. Nf3 Nc6 3. Bb5 a6 4. Ba4 Nf6 5. d4 b5 6. Bb3 exd4 7. e5 Ne4 8. O-O
Nc5 9. Bd5 Ne6 10. Bxe6 dxe6 11. Bg5 Qd5 12. Qe2 Bb7 13. Rd1 h6 14. Bh4 g5 15.
Bg3 Rd8 16. Nc3 Qc4 17. Qxc4 bxc4 18. Ne4 Be7 19. Nf6+ Bxf6 20. exf6 Rd7 21. b3
cxb3 22. axb3 O-O 23. Ra4 Rfd8 24. h3 d3 25. Rxd3 Rxd3 26. cxd3 Rxd3 27. Bxc7
Rxb3 28. h4 Rb4 29. Rxb4 Nxb4 30. hxg5 Bxf3 31. gxf3 Nd5 32. Ba5 hxg5 33. Bd2
Nf4 34. Kh2 Kh7 35. Bc3 Kg6 36. Bb2 Nd3 37. Bd4 e5 38. Bc3 Kxf6 39. Kg3 Kf5 40.
Ba5 Nc5 41. Bb4 Nb3 0-1

[Event "13. Open Popular Bahia de los Naranjos"]
[Site "Cullera ESP"]
[Date "2010.07.28"]
[Round "3.5"]
[White "Remolar Gallen, Jose"]
[Black "Gerona Maura, Jesus"]
[Result "1/2-1/2"]
[WhiteElo "1983"]
[BlackElo "2044"]
[PlyCount "89"]
[EventDate "2010.07.26"]
[EventType "swiss"]
[EventRounds "8"]
[EventCountry "ESP"]
[Source "lmi"]
[SourceDate "2010.07.26"]

1. e4 c6 2. d4 d5 3. exd5 cxd5 4. c4 Nf6 5. Nc3 Nc6 6. Nf3 g6 7. cxd5 Nxd5 8.
Bc4 Nxc3 9. bxc3 Bg7 10. O-O O-O 11. Re1 Qa5 12. d5 Qxc3 13. Bg5 Qxc4 14. Rc1
Qxa2 15. dxc6 bxc6 16. Bxe7 Re8 17. Rxc6 Bg4 18. Qc1 Bxf3 19. gxf3 Qd5 20. Kg2
a5 21. Rc5 Qd7 22. Rc7 Qb5 23. Rd1 h6 24. Rdd7 Rac8 25. Ba3 Qxd7 26. Rxd7 Rxc1
27. Bxc1 Rc8 28. Bd2 Ra8 29. Rd3 a4 30. Ra3 Bf8 31. Ra2 a3 32. Bc1 Rc8 33. Bxa3
Ra8 34. Bxf8 Rxa2 35. Bxh6 f6 36. Be3 Kf7 37. Kg3 Ke6 38. h4 Kf5 39. Kh3 Ra4
40. Kg3 Rc4 41. Kh3 g5 42. hxg5 fxg5 43. Kg3 Rh4 44. Bd2 Rh8 45. Be3 1/2-1/2

[Event "13. Open Popular Bahia de los Naranjos"]
[Site "Cullera ESP"]
[Date "2010.07.28"]
[Round "3.18"]
[White "Vidal Moscardo, Blas"]
[Black "Sala Espi, Antonio"]
[Result "1-0"]
[WhiteElo "1825"]
[BlackElo "1688"]
[PlyCount "29"]
[EventDate "2010.07.26"]
[EventType "swiss"]
[EventRounds "8"]
[EventCountry "ESP"]
[Source "lmi"]
[SourceDate "2010.07.26"]

1. d4 d5 2. Nf3 c6 3. e3 Nf6 4. c4 e6 5. Nc3 Be7 6. Bd3 O-O 7. Ne5 Nbd7 8. f4
Re8 9. O-O Nf8 10. cxd5 exd5 11. Bd2 Be6 12. Be1 a6 13. Bh4 Ng6 14. Bxf6 Nxe5
15. Bxe5 1-0

[Event "13. Open Popular Bahia de los Naranjos"]
[Site "Cullera ESP"]
[Date "2010.07.29"]
[Round "4.1"]
[White "Bas Mas, Jose Joaquin"]
[Black "Tejedor Ariza, Francisco"]
[Result "1-0"]
[WhiteElo "2030"]
[BlackElo "2107"]
[PlyCount "61"]
[EventDate "2010.07.26"]
[EventType "swiss"]
[EventRounds "8"]
[EventCountry "ESP"]
[Source "lmi"]
[SourceDate "2010.07.26"]

1. e4 c5 2. Nf3 e6 3. c4 Nc6 4. d4 cxd4 5. Nxd4 Nf6 6. Nc3 d6 7. Be2 Be7 8. O-O
O-O 9. Be3 e5 10. Nc2 Be6 11. Qd2 a6 12. f3 Nd7 13. Rab1 Qc7 14. Rfc1 b6 15.
Nd5 Bxd5 16. cxd5 Ncb8 17. b4 Qb7 18. a4 g6 19. Na3 f5 20. Rb2 Rc8 21. Rxc8+
Qxc8 22. Rc2 Qe8 23. Qc1 f4 24. Bf2 g5 25. Rc8 Bd8 26. Nc4 Qe7 27. Nxb6 Nxb6
28. Bxb6 Nd7 29. Bxd8 Rxc8 30. Qxc8 Qe8 31. Bxa6 1-0

[Event "13. Open Popular Bahia de los Naranjos"]
[Site "Cullera ESP"]
[Date "2010.07.29"]
[Round "4.2"]
[White "Cabero Feliciano, Guillermo"]
[Black "Muñoz Orts, German"]
[Result "1-0"]
[WhiteElo "2080"]
[BlackElo "2199"]
[PlyCount "87"]
[EventDate "2010.07.26"]
[EventType "swiss"]
[EventRounds "8"]
[EventCountry "ESP"]
[Source "lmi"]
[SourceDate "2010.07.26"]

1. e4 e6 2. d4 d5 3. Nc3 Nf6 4. Bg5 Be7 5. Bxf6 Bxf6 6. e5 Be7 7. Qg4 g6 8. h4
h5 9. Qg3 b6 10. O-O-O Ba6 11. Bxa6 Nxa6 12. Nge2 Qd7 13. Nf4 O-O-O 14. a3 Kb7
15. Qf3 Nb8 16. Kb1 Nc6 17. g3 Na5 18. Ng2 b5 19. Qxf7 Rhf8 20. Qxg6 b4 21.
axb4 Bxb4 22. Na2 Rxf2 23. Nf4 Qa4 24. Nxb4 Qxb4 25. Nd3 Qxd4 26. Nxf2 Qxf2 27.
Qxe6 Qc5 28. Rd3 Ka8 29. Rhd1 c6 30. Rc3 Qb5 31. b3 Rb8 32. Rd4 Qf1+ 33. Ka2
Qf2 34. Ra4 Qb6 35. Qd6 Nc4 36. Rcxc4 dxc4 37. Rxc4 Qa6+ 38. Ra4 Qb6 39. e6 Rd8
40. Qe5 Rd2 41. Rc4 Qa6+ 42. Kb2 Rd1 43. Qh8+ Kb7 44. Rb4+ 1-0

[Event "13. Open Popular Bahia de los Naranjos"]
[Site "Cullera ESP"]
[Date "2010.07.29"]
[Round "4.3"]
[White "Arauz Alonso, Fernando"]
[Black "Castillo Pla, Emilio"]
[Result "1-0"]
[WhiteElo "2124"]
[BlackElo "1923"]
[PlyCount "71"]
[EventDate "2010.07.26"]
[EventType "swiss"]
[EventRounds "8"]
[EventCountry "ESP"]
[Source "lmi"]
[SourceDate "2010.07.26"]

1. d4 g6 2. Nf3 Bg7 3. Bg5 d6 4. c3 Nf6 5. Nbd2 O-O 6. e4 Nc6 7. Be2 a6 8. a4
Qe8 9. Qc2 h6 10. Bh4 Bd7 11. O-O Rb8 12. a5 e6 13. Rfe1 Nh7 14. Nc4 Ne7 15.
Ne3 Kh8 16. Bd3 Rc8 17. Nd2 Nc6 18. f4 Ne7 19. Ndc4 g5 20. fxg5 hxg5 21. Bg3
Ng6 22. e5 d5 23. Nd2 c5 24. Nf3 Bb5 25. Bxg6 fxg6 26. dxc5 Rxc5 27. Nd4 Rf5
28. Qd2 Nf8 29. Nexf5 gxf5 30. Qxg5 Bd3 31. Re3 Be4 32. Bf4 Ng6 33. Rh3+ Kg8
34. Rg3 Rc7 35. Qxg6 Qxg6 36. Rxg6 1-0

[Event "13. Open Popular Bahia de los Naranjos"]
[Site "Cullera ESP"]
[Date "2010.07.29"]
[Round "4.4"]
[White "Gerona Maura, Jesus"]
[Black "Rubio Tent, Francisco"]
[Result "1-0"]
[WhiteElo "2044"]
[BlackElo "1954"]
[PlyCount "75"]
[EventDate "2010.07.26"]
[EventType "swiss"]
[EventRounds "8"]
[EventCountry "ESP"]
[Source "lmi"]
[SourceDate "2010.07.26"]

1. d4 d5 2. c4 c6 3. Nf3 Nf6 4. Nc3 a6 5. b3 b5 6. e3 Bg4 7. Bb2 e6 8. h3 Bxf3
9. Qxf3 Bb4 10. a3 Bxc3+ 11. Bxc3 Ne4 12. Bb2 bxc4 13. Be2 cxb3 14. O-O O-O 15.
Rfd1 Nd7 16. Rac1 Qb6 17. Bd3 Ndf6 18. Qe2 a5 19. f3 Nd6 20. a4 Rfc8 21. Bb1
Qb4 22. e4 Nc4 23. e5 Nd7 24. f4 Ndb6 25. Bc3 Qxa4 26. f5 Re8 27. f6 g6 28. Qg4
Qa3 29. Qg5 Qf8 30. h4 Kh8 31. Kf2 h5 32. g4 hxg4 33. h5 g3+ 34. Kxg3 b2 35.
hxg6 bxc1=Q 36. g7+ Kg8 37. gxf8=Q+ Kxf8 38. Qg7# 1-0

[Event "13. Open Popular Bahia de los Naranjos"]
[Site "Cullera ESP"]
[Date "2010.07.29"]
[Round "4.8"]
[White "Escoms Monzo, Jaime"]
[Black "Martinez Escandell, Alfonso"]
[Result "1/2-1/2"]
[WhiteElo "1848"]
[BlackElo "2007"]
[PlyCount "62"]
[EventDate "2010.07.26"]
[EventType "swiss"]
[EventRounds "8"]
[EventCountry "ESP"]
[Source "lmi"]
[SourceDate "2010.07.26"]

1. d4 d5 2. Nf3 Nf6 3. Bf4 e6 4. e3 c5 5. c4 Nc6 6. Nc3 cxd4 7. exd4 dxc4 8.
Bxc4 Bd6 9. Bxd6 Qxd6 10. O-O O-O 11. Qd2 a6 12. Rfd1 b5 13. Bd3 Bb7 14. Ne4
Nxe4 15. Bxe4 Nd8 16. Qe3 Bxe4 17. Qxe4 Qc6 18. Qf4 Nb7 19. Rac1 Qd5 20. Rc7
Rac8 21. b3 Qd6 22. Qxd6 Nxd6 23. Rdc1 Rxc7 24. Rxc7 Rc8 25. Rxc8+ Nxc8 26. Ne5
Nd6 27. f3 Kf8 28. Kf2 f6 29. Nc6 Ke8 30. g4 g6 31. Ke3 h6 1/2-1/2

[Event "13. Open Popular Bahia de los Naranjos"]
[Site "Cullera ESP"]
[Date "2010.07.29"]
[Round "5.1"]
[White "Bas Mas, Jose Joaquin"]
[Black "Cabero Feliciano, Guillermo"]
[Result "1/2-1/2"]
[WhiteElo "2030"]
[BlackElo "2080"]
[PlyCount "28"]
[EventDate "2010.07.26"]
[EventType "swiss"]
[EventRounds "8"]
[EventCountry "ESP"]
[Source "lmi"]
[SourceDate "2010.07.26"]

1. e4 e5 2. Nf3 Nc6 3. Bb5 a6 4. Ba4 Nf6 5. O-O Nxe4 6. d4 b5 7. Bb3 d5 8. dxe5
Be6 9. Nbd2 Nc5 10. c3 Be7 11. Bc2 d4 12. cxd4 Nxd4 13. Nxd4 Qxd4 14. Nf3 Qxd1
1/2-1/2

[Event "13. Open Popular Bahia de los Naranjos"]
[Site "Cullera ESP"]
[Date "2010.07.29"]
[Round "5.2"]
[White "Tejedor Ariza, Francisco"]
[Black "Arauz Alonso, Fernando"]
[Result "1/2-1/2"]
[WhiteElo "2107"]
[BlackElo "2124"]
[PlyCount "32"]
[EventDate "2010.07.26"]
[EventType "swiss"]
[EventRounds "8"]
[EventCountry "ESP"]
[Source "lmi"]
[SourceDate "2010.07.26"]

1. e4 c6 2. g3 d5 3. Bg2 dxe4 4. Bxe4 Nf6 5. Bg2 Bf5 6. d3 e6 7. Ne2 a6 8. Nbc3
Nbd7 9. O-O Bc5 10. Ne4 Be7 11. b3 O-O 12. Bb2 Re8 13. N2c3 Nc5 14. Nxc5 Bxc5
15. Ne4 Bxe4 16. Bxe4 Qe7 1/2-1/2

[Event "13. Open Popular Bahia de los Naranjos"]
[Site "Cullera ESP"]
[Date "2010.07.29"]
[Round "5.3"]
[White "Martinez Tormo, Jorge"]
[Black "Gonzalvez Perales, Jose Luis"]
[Result "0-1"]
[WhiteElo "2175"]
[BlackElo "2035"]
[PlyCount "38"]
[EventDate "2010.07.26"]
[EventType "swiss"]
[EventRounds "8"]
[EventCountry "ESP"]
[Source "lmi"]
[SourceDate "2010.07.26"]

1. e4 c6 2. d4 d5 3. e5 c5 4. dxc5 e6 5. Nf3 Bxc5 6. Bd3 Nc6 7. O-O Nge7 8. c3
Nf5 9. b4 Bb6 10. b5 Nce7 11. g4 Nh6 12. h3 Ng6 13. Bg5 Qc7 14. Re1 f6 15. exf6
Qg3+ 16. Kh1 Qxh3+ 17. Nh2 Bc7 18. f4 Nxf4 19. Bf1 Ng2 0-1

[Event "13. Open Popular Bahia de los Naranjos"]
[Site "Cullera ESP"]
[Date "2010.07.29"]
[Round "5.4"]
[White "Muñoz Orts, German"]
[Black "Sos Andreu, Erik"]
[Result "1-0"]
[WhiteElo "2199"]
[BlackElo "1940"]
[PlyCount "67"]
[EventDate "2010.07.26"]
[EventType "swiss"]
[EventRounds "8"]
[EventCountry "ESP"]
[Source "lmi"]
[SourceDate "2010.07.26"]

1. f4 Nf6 2. Nf3 g6 3. g3 Bg7 4. Bg2 O-O 5. O-O d6 6. d3 c6 7. e4 Qb6+ 8. Kh1
Ng4 9. d4 c5 10. h3 Nf6 11. e5 Nfd7 12. c3 Rd8 13. Qe2 dxe5 14. dxe5 Nf8 15.
Nbd2 Bf5 16. Ne4 Qa6 17. Qe1 Bxe4 18. Qxe4 Qc6 19. Qc2 Qc7 20. Be3 f6 21. Qf2
Na6 22. Rae1 Nd7 23. e6 Nb6 24. f5 Nd5 25. fxg6 hxg6 26. Bc1 c4 27. Nh4 Nc5 28.
Qf3 Nd3 29. Re2 Nxc1 30. Rxc1 Bh6 31. Qg4 Bg5 32. Nxg6 Bxc1 33. Nf4+ Kf8 34.
Qg6 1-0

[Event "13. Open Popular Bahia de los Naranjos"]
[Site "Cullera ESP"]
[Date "2010.07.29"]
[Round "5.6"]
[White "Remolar Gallen, Jose"]
[Black "Garcia Cervera, Manuel Miguel"]
[Result "1-0"]
[WhiteElo "1983"]
[BlackElo "1979"]
[PlyCount "73"]
[EventDate "2010.07.26"]
[EventType "swiss"]
[EventRounds "8"]
[EventCountry "ESP"]
[Source "lmi"]
[SourceDate "2010.07.26"]

1. e4 c5 2. c3 d5 3. exd5 Qxd5 4. d4 cxd4 5. cxd4 Nc6 6. Nf3 Bg4 7. Be2 e6 8.
O-O Nf6 9. Nc3 Qa5 10. Qb3 Qb4 11. Qxb4 Nxb4 12. Bg5 a6 13. h3 Bh5 14. Bxf6
gxf6 15. a3 Nd5 16. Nxd5 exd5 17. Nh4 Bg6 18. Rac1 Bd6 19. Bf3 O-O 20. Bxd5
Rfd8 21. Nxg6 hxg6 22. Bxb7 Rab8 23. Bxa6 Rxb2 24. a4 Bf4 25. Rc4 Kg7 26. Bb5
Rd5 27. Rd1 Rg5 28. h4 Rd5 29. Bc6 Rd8 30. g3 Bd6 31. Ra1 Bb8 32. a5 Ba7 33. a6
Rd6 34. Be8 Re6 35. Rc7 Ree2 36. Rxa7 Rxe8 37. Rc7 1-0

[Event "13. Open Popular Bahia de los Naranjos"]
[Site "Cullera ESP"]
[Date "2010.07.30"]
[Round "6.2"]
[White "Arauz Alonso, Fernando"]
[Black "Bas Mas, Jose Joaquin"]
[Result "0-1"]
[WhiteElo "2124"]
[BlackElo "2030"]
[PlyCount "84"]
[EventDate "2010.07.26"]
[EventType "swiss"]
[EventRounds "8"]
[EventCountry "ESP"]
[Source "lmi"]
[SourceDate "2010.07.26"]

1. d4 Nf6 2. Nf3 c5 3. e3 e6 4. Nbd2 b6 5. b3 Bb7 6. Bd3 Nc6 7. a3 d5 8. Bb2
Be7 9. O-O O-O 10. Ne5 Nxe5 11. dxe5 Nd7 12. f4 f6 13. e4 dxe4 14. Nxe4 f5 15.
Bc4 Bxe4 16. Bxe6+ Kh8 17. Qxd7 Qxd7 18. Bxd7 Bxc2 19. Rf3 a5 20. a4 h6 21. e6
Kh7 22. Be5 g5 23. Rc1 Be4 24. Rg3 Rg8 25. Kf1 gxf4 26. Bxf4 Rxg3 27. hxg3 Kg7
28. Bc7 Bg5 29. Re1 Be7 30. Bb5 Kf6 31. Bc4 Rg8 32. Bxb6 Rxg3 33. Bxa5 h5 34.
Bc7 Rg8 35. g3 Rc8 36. Ba5 Kg5 37. Kf2 Bf6 38. Bb5 Bd4+ 39. Kf1 Kf6 40. Bd7 Rg8
41. Bc7 h4 42. gxh4 Bd3+ 0-1

[Event "13. Open Popular Bahia de los Naranjos"]
[Site "Cullera ESP"]
[Date "2010.07.30"]
[Round "6.3"]
[White "Remolar Gallen, Jose"]
[Black "Muñoz Orts, German"]
[Result "1-0"]
[WhiteElo "1983"]
[BlackElo "2199"]
[PlyCount "75"]
[EventDate "2010.07.26"]
[EventType "swiss"]
[EventRounds "8"]
[EventCountry "ESP"]
[Source "lmi"]
[SourceDate "2010.07.26"]

1. e4 e6 2. d4 d5 3. exd5 exd5 4. c4 Nf6 5. Nc3 Be7 6. Bg5 c6 7. cxd5 Nxd5 8.
Bxe7 Qxe7+ 9. Qe2 Be6 10. Nxd5 Bxd5 11. f3 Nd7 12. Qxe7+ Kxe7 13. Ne2 Rhe8 14.
Kf2 Nb6 15. Nc3 Rad8 16. Bd3 Be6 17. Ne2 Kf8 18. h4 h6 19. Rad1 Nc4 20. Be4 f5
21. Bc2 Bc8 22. Bb3 Na5 23. Bc2 Be6 24. b3 b6 25. h5 c5 26. dxc5 bxc5 27. Ng3
c4 28. bxc4 f4 29. Ne2 Bxc4 30. Nxf4 Bxa2 31. Bg6 Bf7 32. Ra1 Rd2+ 33. Kg3 Nc6
34. Be4 Nd4 35. Rxa7 Ne6 36. Bg6 Re7 37. Nxe6+ Rxe6 38. Rxf7+ 1-0